| 000 | 00813nam a22002417a 4500 | ||
|---|---|---|---|
| 001 | 3498 | ||
| 003 | FISKH | ||
| 005 | 20240313135508.0 | ||
| 008 | 240313b cb ||||| |||| 00| 0 eng d | ||
| 040 |
_aFISK _beng _cFISK _dFISK |
||
| 050 | _aDS778.M3 | ||
| 082 | _a951.05 | ||
| 100 |
_aBurton Heuston Kimberley _d1960- |
||
| 245 |
_aMao zedong / _cKimberley Burton Heuston |
||
| 260 |
_aCanada : _bFranklin Watts, _c2010 |
||
| 300 |
_a128 pages : _billustrations, _c18 cm |
||
| 505 | _aU | ||
| 520 | _aExamines the life and misdeeds of Chinese leader Mao Zedong, charging that his efforts to turn China into an industrial powerhouse cost millions of lives and led to a devastating famine. | ||
| 521 | 8 |
_a980 _bLexile, |
|
| 700 | _aKimberley Burton Heuston | ||
| 942 |
_2ddc _cBK _n0 |
||
| 999 |
_c3498 _d3498 |
||